[Event "FRA-ch Blitz Online Qual"]
[Site "Europe Echecs INT"]
[Date "2020.05.16"]
[Round "14"]
[White "Coiffait, Pierre Basile"]
[Black "Kovacs, Klara"]
[Result "0-1"]
[WhiteElo "2261"]
[BlackElo "2154"]
[PlyCount "68"]
[EventDate "2020.05.16"]
[EventType "swiss (blitz)"]
[EventRounds "15"]
[EventCountry "FRA"]
[SourceTitle "CBM 196 Extra"]
[Source "ChessBase"]
[SourceDate "2020.07.31"]
[SourceVersion "1"]
[SourceVersionDate "2020.07.31"]
[SourceQuality "1"]

1. e4 e6 2. d4 d5 3. Nd2 Be7 4. Ngf3 c5 5. exd5 Qxd5 6. Bc4 Qd8 7. dxc5 Nf6 8. 0-0 Bxc5 9. c3 0-0 10. Qe2 Nc6 11. Nb3 Be7 12. Bd3 a6 13. a4 Bd7 14. Bg5 h6 15. Bh4 Rc8 16. Rfd1 Nd5 17. Bg3 Qb6 18. Nbd4 Bf6 19. Nxc6 Bxc6 20. Ne5 Rfd8 21. Qe4 Bxe5 22. Qh7+ Kf8 23. Bxe5 f6 24. Bg3 Ne7 25. Bg6 Qxb2 26. Rac1 Bd5 27. Qh8+ Ng8 28. Bh7 Kf7 29. Bd3 Ne7 30. Qh7 Rxc3 31. Rxc3 Qxc3 32. Bc2 f5 33. Bb1 Be4 34. f3 Rxd1+ 0-1

[Event "FRA-ch Blitz Online Qual"]
[Site "Europe Echecs INT"]
[Date "2020.05.16"]
[Round "7"]
[White "Debray, Christopher"]
[Black "Coiffait, Pierre Basile"]
[Result "1-0"]
[WhiteElo "2376"]
[BlackElo "2261"]
[PlyCount "53"]
[EventDate "2020.05.16"]
[EventType "swiss (blitz)"]
[EventRounds "15"]
[EventCountry "FRA"]
[SourceTitle "CBM 196 Extra"]
[Source "ChessBase"]
[SourceDate "2020.07.31"]
[SourceVersion "1"]
[SourceVersionDate "2020.07.31"]
[SourceQuality "1"]

1. e4 e5 2. Bc4 Nf6 3. d3 Nc6 4. Nf3 Bc5 5. Nc3 a6 6. Bg5 d6 7. Nd5 h6 8. Bxf6 gxf6 9. c3 Be6 10. b4 Ba7 11. a4 Rg8 12. Kf1 Rg6 13. Nh4 Rg4 14. g3 Rg5 15. Qf3 Bxd5 16. Bxd5 Qe7 17. b5 Nd8 18. Nf5 Qd7 19. bxa6 c6 20. axb7 Nxb7 21. Ba2 h5 22. h4 Rg4 23. Nh6 d5 24. Nxg4 hxg4 25. Qxf6 Qe7 26. Qxe7+ Kxe7 27. exd5 1-0

[Event "Split op 8th"]
[Site "Split"]
[Date "2018.08.14"]
[Round "4"]
[White "Coiffait, Pierre Basile"]
[Black "Saric, Ante"]
[Result "0-1"]
[WhiteElo "2236"]
[BlackElo "2539"]
[PlyCount "100"]
[EventDate "2018.08.12"]
[EventType "swiss"]
[EventRounds "9"]
[EventCountry "CRO"]
[SourceTitle "CBM 186 Extra"]
[Source "ChessBase"]
[SourceDate "2018.08.24"]
[SourceVersion "1"]
[SourceVersionDate "2018.08.24"]
[SourceQuality "1"]

1. e4 e6 2. d4 d5 3. Nd2 c5 4. exd5 Qxd5 5. dxc5 Bxc5 6. Ngf3 Nf6 7. Bc4 Qc6 8. Qe2 0-0 9. Nb3 Bd6 10. Bg5 Nbd7 11. Rd1 a6 12. 0-0 Qc7 13. Rfe1 Re8 14. Nbd4 h6 15. Bh4 b6 16. c3 Bb7 17. Bb3 b5 18. Bg3 Bxg3 19. hxg3 Nc5 20. Bc2 Bd5 21. Bb1 Rad8 22. Ne5 g6 23. Qe3 Kg7 24. g4 Ncd7 25. g5 hxg5 26. Qxg5 Nxe5 27. Qxe5 Qxe5 28. Rxe5 Nd7 29. Re2 Nb6 30. Nc2 Ba8 31. Rde1 Rd6 32. f3 Red8 33. Kf2 Na4 34. Ne3 Rd2 35. Rxd2 Rxd2+ 36. Re2 Rxb2 37. Rxb2 Nxb2 38. Bc2 Kf6 39. Ke2 Ke5 40. Bb3 a5 41. a3 Bd5 42. Bc2 f5 43. Kd2 g5 44. Kc1 Nc4 45. Nxc4+ bxc4 46. Kd2 Kf4 47. Ke2 Kg3 48. Kf1 g4 49. fxg4 Bxg2+ 50. Kg1 f4 0-1

[Event "Avoine op 33rd"]
[Site "Avoine"]
[Date "2018.07.28"]
[Round "8"]
[White "Coiffait, Pierre Basile"]
[Black "Viers, Emmanuel"]
[Result "0-1"]
[WhiteElo "2253"]
[BlackElo "2126"]
[PlyCount "104"]
[EventDate "2018.07.21"]
[EventType "swiss"]
[EventRounds "9"]
[EventCountry "FRA"]
[SourceTitle "CBM 185 Extra"]
[Source "ChessBase"]
[SourceDate "2018.07.29"]
[SourceVersion "1"]
[SourceVersionDate "2018.07.29"]
[SourceQuality "1"]

1. e4 c5 2. Nf3 Nc6 3. d4 cxd4 4. Nxd4 g6 5. c4 Bg7 6. Nc2 Nf6 7. Nc3 0-0 8. Be2 d6 9. 0-0 Qb6 10. Rb1 Be6 11. Be3 Qc7 12. f3 a6 13. a4 Nd7 14. Qd2 Rfc8 15. b3 Qa5 16. b4 Qc7 17. Rfc1 Nce5 18. Na3 Qc6 19. b5 Qc7 20. f4 Ng4 21. Nd5 Qd8 22. bxa6 bxa6 23. Bb6 Qf8 24. Nc7 Rxc7 25. Bxc7 Qc8 26. Bxg4 Bxg4 27. Qd5 Ra7 28. f5 Rxc7 29. h3 Be2 30. Qd2 Bxc4 31. Qa5 Rc5 32. Rxc4 Rxc4 33. Nxc4 Qxc4 34. Qd8+ Nf8 35. Qxe7 Qxa4 36. Rf1 Qd4+ 37. Kh1 Bf6 38. Qb7 Qd3 39. Rb1 Be5 40. Kg1 a5 41. Qb3 Qxe4 42. Rf1 a4 43. Qa2 gxf5 44. Rd1 Ne6 45. Qa3 Nd4 46. Kh1 Qf4 47. g3 Qe4+ 48. Kg1 Ne2+ 49. Kf2 Bxg3+ 50. Kf1 Qf4+ 51. Kxe2 Qf2+ 52. Kd3 Qf3+ 0-1

[Event "Avoine op 33rd"]
[Site "Avoine"]
[Date "2018.07.26"]
[Round "6"]
[White "Coiffait, Pierre Basile"]
[Black "Haub, Thorsten Michael"]
[Result "0-1"]
[WhiteElo "2253"]
[BlackElo "2405"]
[PlyCount "48"]
[EventDate "2018.07.21"]
[EventType "swiss"]
[EventRounds "9"]
[EventCountry "FRA"]
[SourceTitle "CBM 185 Extra"]
[Source "ChessBase"]
[SourceDate "2018.07.29"]
[SourceVersion "1"]
[SourceVersionDate "2018.07.29"]
[SourceQuality "1"]

1. e4 g6 2. d4 Bg7 3. Nc3 d6 4. f4 a6 5. Nf3 e6 6. Be3 Ne7 7. Qd2 Nd7 8. Be2 b5 9. a3 f5 10. Ng5 Nf6 11. exf5 exf5 12. d5 0-0 13. 0-0 h6 14. Nh3 Ne4 15. Qd3 Bb7 16. Nxe4 fxe4 17. Qxe4 Bxd5 18. Qd3 Bxb2 19. Rae1 Bg7 20. Qd2 Bb7 21. g4 Nd5 22. Bf2 Nf6 23. Bd3 Qd7 24. f5 Qc6 0-1

[Event "Avoine op 33rd"]
[Site "Avoine"]
[Date "2018.07.23"]
[Round "3"]
[White "Navaratnam, Rohan Shan Tze"]
[Black "Coiffait, Pierre Basile"]
[Result "0-1"]
[WhiteElo "1943"]
[BlackElo "2253"]
[PlyCount "68"]
[EventDate "2018.07.21"]
[EventType "swiss"]
[EventRounds "9"]
[EventCountry "FRA"]
[SourceTitle "CBM 185 Extra"]
[Source "ChessBase"]
[SourceDate "2018.07.29"]
[SourceVersion "1"]
[SourceVersionDate "2018.07.29"]
[SourceQuality "1"]

1. e4 e5 2. Nf3 Nc6 3. Bc4 Bc5 4. c3 Nf6 5. d4 exd4 6. e5 d5 7. Bb5 Ne4 8. cxd4 Bb6 9. Nc3 0-0 10. Be3 Bg4 11. h3 Bh5 12. Qa4 Ne7 13. Nxe4 dxe4 14. Nd2 Bg6 15. 0-0 Nf5 16. Nb3 c6 17. Be2 Nxe3 18. fxe3 Qg5 19. Kf2 f6 20. Qc4+ Kh8 21. Qc3 fxe5+ 22. Kg1 exd4 23. exd4 e3 24. Bf3 Bc7 25. Rae1 Qg3 26. Rxe3 Bh5 27. Nd2 Bf4 28. Rfe1 Qh2+ 29. Kf1 Bg3 30. Rc1 Qh1+ 31. Ke2 Qxg2+ 32. Kd1 Rxf3 33. Nxf3 Rf8 34. Rc2 Bxf3+ 0-1

[Event "EU-ch U16 27th"]
[Site "Mamaia"]
[Date "2017.09.05"]
[Round "1"]
[White "Coiffait, Pierre Basile"]
[Black "Risteski, Emil"]
[Result "1-0"]
[WhiteElo "2260"]
[BlackElo "1899"]
[PlyCount "62"]
[EventDate "2017.09.05"]
[EventType "swiss"]
[EventRounds "9"]
[EventCountry "ROU"]
[SourceTitle "CBM 180 Extra"]
[Source "ChessBase"]
[SourceDate "2017.10.06"]
[SourceVersion "1"]
[SourceVersionDate "2017.10.06"]
[SourceQuality "1"]

1. e4 c5 2. Nf3 d6 3. d4 cxd4 4. Nxd4 Nf6 5. f3 e5 6. Nb3 d5 7. Bg5 dxe4 8. Qxd8+ Kxd8 9. fxe4 Be6 10. Nc3 Nbd7 11. 0-0-0 Bb4 12. Nd5 Be7 13. Bxf6 gxf6 14. Bb5 Rc8 15. Na5 Rb8 16. Rhf1 Rg8 17. Nxf6 Bxf6 18. Rxf6 Ke7 19. Rxe6+ Kxe6 20. Bxd7+ Ke7 21. Bh3 Rgd8 22. Rxd8 Kxd8 23. Kd2 Kc7 24. Nc4 Rd8+ 25. Kc3 f6 26. Ne3 Rd6 27. Bf5 h6 28. h4 b5 29. Nd5+ Kc6 30. b4 a5 31. bxa5 Kc5 1-0

[Event "FRA-ch U16"]
[Site "Belfort"]
[Date "2017.04.23"]
[Round "9.1"]
[White "Coiffait, Pierre Basile"]
[Black "Travadon, Loic"]
[Result "0-1"]
[WhiteElo "2193"]
[BlackElo "2348"]
[PlyCount "60"]
[EventDate "2017.04.16"]
[EventType "swiss"]
[EventRounds "9"]
[EventCountry "FRA"]
[SourceTitle "EXT 2019"]
[Source "ChessBase"]
[SourceDate "2018.10.10"]
[SourceVersion "1"]
[SourceVersionDate "2018.10.10"]
[SourceQuality "1"]

1. e4 g6 2. d4 Bg7 3. Nc3 d6 4. Nge2 Nc6 5. Be3 a6 6. a4 e5 7. h3 Nf6 8. Qd2 0-0 9. d5 Ne7 10. g4 c6 11. Bg2 cxd5 12. exd5 Nd7 13. Ng3 f5 14. gxf5 gxf5 15. Bh6 Ng6 16. Rg1 Rf7 17. Bxg7 Kxg7 18. Bf3 e4 19. Be2 Nde5 20. Nh5+ Kh8 21. Qg5 Qf8 22. Nf4 Nxf4 23. Qxf4 Bd7 24. 0-0-0 Rg7 25. f3 exf3 26. Bxf3 Qe7 27. Rxg7 Qxg7 28. Ne2 Rc8 29. Rg1 Qxg1+ 30. Nxg1 Nd3+ 0-1

[Event "Avoine op 31st"]
[Site "Avoine"]
[Date "2016.07.28"]
[Round "6"]
[White "Coiffait, Pierre Basile"]
[Black "Mir, Nicolas"]
[Result "1-0"]
[WhiteElo "2057"]
[BlackElo "1718"]
[PlyCount "77"]
[EventDate "2016.07.23"]
[EventType "swiss"]
[EventRounds "9"]
[EventCountry "FRA"]
[SourceTitle "CBM 173 Extra"]
[Source "ChessBase"]
[SourceDate "2016.08.29"]
[SourceVersion "1"]
[SourceVersionDate "2016.08.29"]
[SourceQuality "1"]

1. e4 c5 2. Nf3 Nc6 3. d4 cxd4 4. Nxd4 Nf6 5. Nc3 e5 6. Ndb5 d6 7. Nd5 Nxd5 8. exd5 Nb8 9. a4 Bf5 10. Be2 Be7 11. 0-0 0-0 12. Be3 a6 13. Na3 Nd7 14. c3 Rc8 15. Nc4 a5 16. Qb3 Nc5 17. Qd1 Bg6 18. b4 Ne4 19. Qb3 Bg5 20. Bb6 Qe7 21. Bxa5 f5 22. Bb6 f4 23. Bg4 Rce8 24. f3 Nf6 25. Be6+ Bf7 26. Rad1 Nh5 27. Bxf7+ Rxf7 28. Nd2 Qf6 29. Qb1 Qh6 30. Ne4 Bd8 31. Bxd8 Rxd8 32. c4 b6 33. Qb2 Re7 34. Qf2 Rb8 35. c5 bxc5 36. bxc5 dxc5 37. d6 Rd7 38. Qxc5 Rbd8 39. Qxe5 1-0

[Event "Avoine op 31st"]
[Site "Avoine"]
[Date "2016.07.23"]
[Round "1"]
[White "Lerch, Patrice"]
[Black "Coiffait, Pierre Basile"]
[Result "1-0"]
[WhiteElo "2392"]
[BlackElo "2057"]
[PlyCount "100"]
[EventDate "2016.07.23"]
[EventType "swiss"]
[EventRounds "9"]
[EventCountry "FRA"]
[SourceTitle "CBM 173 Extra"]
[Source "ChessBase"]
[SourceDate "2016.08.29"]
[SourceVersion "1"]
[SourceVersionDate "2016.08.29"]
[SourceQuality "1"]

1. e4 e5 2. Bc4 Nf6 3. d3 Bc5 4. Nf3 Nc6 5. 0-0 d6 6. c3 a6 7. a4 0-0 8. Na3 Ne7 9. Bg5 Ng6 10. Nh4 Kh8 11. Qb3 h6 12. Nxg6+ fxg6 13. Be3 Bxe3 14. fxe3 c6 15. Be6 Qe7 16. Bxc8 Raxc8 17. Qd1 b5 18. Qe2 Nd7 19. Rxf8+ Rxf8 20. Nc2 Nc5 21. axb5 axb5 22. Nb4 Qd7 23. h3 Kg8 24. Qc2 Re8 25. Rf1 Ne6 26. Qb3 Kh7 27. Qa2 Qb7 28. Ra1 Qb6 29. Qa7 Qxa7 30. Rxa7 c5 31. Nd5 Rd8 32. h4 Nf8 33. Kf2 Kg8 34. Rb7 c4 35. d4 Re8 36. Kf3 Nh7 37. Ne7+ Kf7 38. Nf5+ Kf6 39. Nxd6 Rf8 40. d5 h5 41. Nxb5 g5 42. Kg3 gxh4+ 43. Kxh4 Kg6 44. Rb6+ Nf6 45. Nd6 Kh6 46. Nxc4 g5+ 47. Kh3 h4 48. g4 hxg3 49. Kxg3 Kh5 50. Rxf6 Rxf6 1-0

[Event "FRA-chT U20 Top"]
[Site "Bischwiller"]
[Date "2016.05.15"]
[Round "2"]
[White "Burri, Quentin"]
[Black "Coiffait, Pierre Basile"]
[Result "1-0"]
[WhiteElo "2293"]
[BlackElo "2115"]
[PlyCount "123"]
[EventDate "2016.05.14"]
[EventType "tourn"]
[EventRounds "11"]
[EventCountry "FRA"]
[SourceTitle "EXT 2019"]
[Source "ChessBase"]
[SourceDate "2018.10.10"]
[SourceVersion "1"]
[SourceVersionDate "2018.10.10"]
[SourceQuality "1"]

1. e4 e6 2. d4 d5 3. Nd2 c5 4. exd5 Qxd5 5. Ngf3 cxd4 6. Bc4 Qd7 7. 0-0 Nc6 8. Nb3 Nf6 9. Nbxd4 Nxd4 10. Nxd4 a6 11. Re1 b5 12. Bb3 Bb7 13. a4 Bc5 14. c3 0-0 15. Be3 Rfe8 16. Nf3 Qc6 17. Bxc5 Qxc5 18. Qd4 Qc6 19. Rad1 h6 20. Re5 Rad8 21. Qxd8 Rxd8 22. Rxd8+ Kh7 23. Rd4 Nd7 24. Re1 g6 25. axb5 axb5 26. Red1 Ne5 27. Bd5 Qxd5 28. Rxd5 Nxf3+ 29. gxf3 Bxd5 30. f4 Kg7 31. Kf1 Kf6 32. Ke2 Kf5 33. Ke3 Bc4 34. Rd8 g5 35. fxg5 hxg5 36. Kd4 Kf4 37. Kc5 Kf3 38. Rd2 e5 39. b3 Bf1 40. Kd5 e4 41. Ke5 Bd3 42. Kf6 g4 43. Kxf7 Be2 44. Kf6 Kxf2 45. Ke5 e3 46. Rc2 Kf3 47. Rc1 Kf2 48. c4 bxc4 49. bxc4 Bf3 50. c5 e2 51. Kf4 e1Q 52. Rxe1 Kxe1 53. h3 Kd2 54. hxg4 Bc6 55. g5 Be8 56. Kf5 Kd3 57. g6 Kd4 58. g7 Bf7 59. c6 Kd5 60. c7 Be6+ 61. Kf6 Kd6 62. c8Q 1-0

[Event "FRA-ch op-A"]
[Site "Agen"]
[Date "2016.??.??"]
[Round "3"]
[White "Coiffait, Pierre Basile"]
[Black "Vedovotto, Nicolas"]
[Result "0-1"]
[WhiteElo "2143"]
[BlackElo "2091"]
[PlyCount "172"]
[EventDate "2016.08.12"]
[EventType "swiss"]
[EventRounds "9"]
[EventCountry "FRA"]
[SourceTitle "EXT 2017"]
[Source "ChessBase"]
[SourceDate "2016.10.25"]
[SourceVersion "1"]
[SourceVersionDate "2016.10.25"]
[SourceQuality "1"]

1. e4 Nc6 2. d4 e5 3. d5 Nce7 4. Nf3 Ng6 5. h4 h5 6. Bg5 Nf6 7. a4 a5 8. Na3 Bc5 9. g3 d6 10. Nd2 Nf8 11. Bb5+ Bd7 12. Bxd7+ N8xd7 13. Qf3 Qb8 14. Nb3 Bb4+ 15. Kf1 Bxa3 16. Rxa3 0-0 17. Kg2 b6 18. Nd2 Qe8 19. Qe2 Kh7 20. Rc3 Rc8 21. Nc4 g6 22. Na3 Ng8 23. b3 f6 24. Bc1 Ne7 25. Nb5 Nc5 26. f3 f5 27. Ba3 fxe4 28. fxe4 Qf7 29. Bxc5 bxc5 30. Rf3 Qxf3+ 31. Qxf3 Rxf3 32. Kxf3 Kg7 33. Ke3 Ng8 34. Rf1 Nf6 35. Na7 Rf8 36. Rf3 Ra8 37. Nc6 Kf7 38. Kd3 Kg7 39. Rf1 Kf7 40. Kc4 Kg7 41. Re1 Kf7 42. Kb5 Ke8 43. Nxa5 Rb8+ 44. Kc6 Kd8 45. Nb7+ Kc8 46. Nxd6+ cxd6 47. Kxd6 Nd7 48. Rf1 Kd8 49. Ke6 Ke8 50. d6 Rb4 51. a5 c4 52. bxc4 Rxc4 53. Rf7 Nc5+ 54. Kf6 Nxe4+ 55. Kxg6 Nxd6 56. Rf2 Rg4+ 57. Kxh5 Rxg3 58. Re2 Nf7 59. a6 Ra3 60. Kg4 Rxa6 61. Re4 Ke7 62. Rb4 Kf6 63. Rc4 Nh6+ 64. Kf3 Kf5 65. c3 Re6 66. Rc5 Rd6 67. Ke3 Ng4+ 68. Ke2 Rh6 69. c4 Rxh4 70. Rc8 Ke4 71. c5 Rh2+ 72. Kd1 Ne3+ 73. Ke1 Rc2 74. c6 Nd5 75. Kd1 Rc3 76. Kd2 Kd4 77. Ke2 Nb4 78. c7 Nd5 79. Ra8 Rxc7 80. Ra4+ Rc4 81. Ra5 e4 82. Kd2 e3+ 83. Ke2 Rc2+ 84. Kd1 Rg2 85. Kc1 Rg1+ 86. Kc2 e2 0-1

[Event "EU-ch U14 25th"]
[Site "Porec"]
[Date "2015.09.28"]
[Round "7"]
[White "Coiffait, Pierre Basile"]
[Black "Kizatbay, Abyl"]
[Result "1-0"]
[WhiteElo "1980"]
[BlackElo "1770"]
[PlyCount "159"]
[EventDate "2015.09.21"]
[EventType "swiss"]
[EventRounds "9"]
[EventCountry "CRO"]
[SourceTitle "EXT 2016"]
[Source "ChessBase"]
[SourceDate "2015.10.08"]
[SourceVersion "1"]
[SourceVersionDate "2015.10.08"]
[SourceQuality "1"]

1. e4 c5 2. Nf3 Nc6 3. Bb5 g6 4. Bxc6 bxc6 5. 0-0 Bg7 6. Re1 Nf6 7. e5 Nd5 8. c4 Nc7 9. b3 0-0 10. Bb2 a5 11. Nc3 d6 12. h3 Bf5 13. Na4 Rb8 14. exd6 exd6 15. Bxg7 Kxg7 16. d4 cxd4 17. Qxd4+ Qf6 18. Rad1 Rfd8 19. Re7 Ne8 20. Nc3 Ra8 21. Re2 h5 22. Red2 Rac8 23. Na4 Rb8 24. Qf4 Ra8 25. Nd4 Bd7 26. Qxf6+ Kxf6 27. Nb6 Ra6 28. Nxd7+ Rxd7 29. f4 Re7 30. Kf2 Rb6 31. g4 hxg4 32. hxg4 Ra6 33. Kf3 Rb6 34. g5+ Kg7 35. Rb1 Ra6 36. Ne2 Rb6 37. Nc3 Re6 38. Rbd1 Rb7 39. Rd3 Rbe7 40. Kf2 f6 41. gxf6+ Kxf6 42. R1d2 Kf5 43. Ne2 c5 44. Kf3 Kf6 45. Nc3 Kf5 46. Nb5 Re1 47. Nxd6+ Nxd6 48. Rd5+ Ke6 49. Rxd6+ Kf7 50. Rd7 Rf1+ 51. Kg3 Rg1+ 52. Kf2 Ra1 53. R7d5 Rc7 54. Rd6 Rh1 55. Kg2 Ra1 56. Ra6 Re7 57. Rxa5 Ree1 58. Rxc5 Rg1+ 59. Kf3 Rae1 60. Rc7+ Ke6 61. Re2+ Kd6 62. Rxe1 Rxe1 63. Ra7 Re8 64. Ra6+ Kc5 65. Rxg6 Kd4 66. Rd6+ Kc5 67. Rd5+ Kc6 68. f5 Re1 69. Kf4 Rf1+ 70. Ke5 Rh1 71. f6 Rh4 72. Ke6 Rh6 73. Ke7 Rh8 74. f7 Rh7 75. Ke8 Rh6 76. f8Q Re6+ 77. Kf7 Re1 78. Qc8+ Kb6 79. Rb5+ Ka7 80. Qb7# 1-0

[Event "FRA-ch U14"]
[Site "Pau"]
[Date "2015.05.01"]
[Round "7"]
[White "Coiffait, Pierre Basile"]
[Black "Travadon, Loic"]
[Result "1-0"]
[WhiteElo "2112"]
[BlackElo "2060"]
[PlyCount "55"]
[EventDate "2015.04.26"]
[EventType "swiss"]
[EventRounds "9"]
[EventCountry "FRA"]
[SourceTitle "CBM 166 Extra"]
[Source "ChessBase"]
[SourceDate "2015.06.18"]
[SourceVersion "1"]
[SourceVersionDate "2015.06.18"]
[SourceQuality "1"]

1. e4 e6 2. d4 d5 3. Nd2 dxe4 4. Nxe4 Nf6 5. Nxf6+ gxf6 6. Nf3 b6 7. Bb5+ c6 8. Bd3 Bb7 9. c3 Qc7 10. Be3 Nd7 11. Qe2 Bd6 12. 0-0-0 0-0-0 13. Kb1 Kb8 14. Nd2 Bf4 15. g3 Bxe3 16. fxe3 c5 17. Rhf1 h5 18. Rf4 Qd6 19. Nc4 Qe7 20. Rh4 f5 21. Rxh5 Nf6 22. Rxh8 Rxh8 23. Ne5 Ne4 24. Rf1 cxd4 25. exd4 Bd5 26. Bxe4 fxe4 27. Rxf7 Qg5 28. Qa6 1-0

[Event "Cannes op 26th"]
[Site "Cannes"]
[Date "2014.07.11"]
[Round "7"]
[White "Coiffait, Pierre Basile"]
[Black "Ferrari, Louis"]
[Result "1/2-1/2"]
[WhiteElo "1930"]
[BlackElo "1952"]
[PlyCount "90"]
[EventDate "2014.07.07"]
[EventType "swiss"]
[EventRounds "9"]
[EventCountry "FRA"]
[SourceTitle "EXT 2015"]
[Source "ChessBase"]
[SourceDate "2014.11.20"]
[SourceVersion "1"]
[SourceVersionDate "2014.11.20"]
[SourceQuality "1"]

1. e4 c5 2. Nf3 Nc6 3. d4 cxd4 4. Nxd4 e5 5. Nb5 d6 6. a4 a6 7. N5c3 Nge7 8. Na3 Be6 9. Bc4 g6 10. Bg5 Bg7 11. Nd5 0-0 12. 0-0 h6 13. Be3 Bxd5 14. Bxd5 Nxd5 15. Qxd5 Qe7 16. Rad1 Rad8 17. Bb6 Rd7 18. Nc4 Nd4 19. Bxd4 exd4 20. a5 Qe6 21. b3 Re8 22. Rfe1 Red8 23. Rd3 Rc7 24. Qxe6 fxe6 25. f4 Rc5 26. Re2 d5 27. exd5 exd5 28. Ne5 Bxe5 29. fxe5 Rxa5 30. Rxd4 Rf8 31. g3 Kf7 32. Rb4 Rb5 33. Rf4+ Ke7 34. Kf2 Rf5 35. Rxf5 gxf5 36. Kf3 Ke6 37. g4 fxg4+ 38. Kxg4 d4 39. Kf4 Rd5 40. Re4 a5 41. h4 h5 42. Re1 d3 43. cxd3 Rxd3 44. Rb1 Rd5 45. Re1 b6 1/2-1/2

[Event "Cannes op 26th"]
[Site "Cannes"]
[Date "2014.07.10"]
[Round "6"]
[White "Coiffait, Pierre Basile"]
[Black "Froment, Victor"]
[Result "1-0"]
[WhiteElo "1930"]
[BlackElo "1762"]
[PlyCount "53"]
[EventDate "2014.07.07"]
[EventType "swiss"]
[EventRounds "9"]
[EventCountry "FRA"]
[SourceTitle "EXT 2015"]
[Source "ChessBase"]
[SourceDate "2014.11.20"]
[SourceVersion "1"]
[SourceVersionDate "2014.11.20"]
[SourceQuality "1"]

1. e4 e5 2. Nf3 Nc6 3. Bb5 a6 4. Ba4 Nf6 5. d3 b5 6. Bb3 Bc5 7. c3 0-0 8. 0-0 d6 9. h3 Be6 10. Bg5 h6 11. Bh4 Kh7 12. Bxe6 fxe6 13. d4 exd4 14. cxd4 Bb6 15. e5 dxe5 16. Qc2+ e4 17. Bxf6 Qxf6 18. Qxe4+ Kh8 19. Qxc6 Bxd4 20. Nxd4 Qxd4 21. Nc3 Qd6 22. Qxd6 cxd6 23. Rad1 Rad8 24. Rfe1 Rfe8 25. f4 g6 26. Ne4 d5 27. Nf6 1-0

[Event "FRA-ch U14"]
[Site "Montbeliard"]
[Date "2014.04.23"]
[Round "5"]
[White "Coiffait, Pierre Basile"]
[Black "Bergougnoux, Axel"]
[Result "1/2-1/2"]
[WhiteElo "1934"]
[BlackElo "1829"]
[PlyCount "92"]
[EventDate "2014.04.21"]
[EventType "swiss"]
[EventRounds "9"]
[EventCountry "FRA"]
[SourceTitle "CBM 160 Extra"]
[Source "ChessBase"]
[SourceDate "2014.07.01"]
[SourceVersion "1"]
[SourceVersionDate "2014.07.01"]
[SourceQuality "1"]

1. e4 e5 2. Nf3 Nc6 3. d4 exd4 4. Nxd4 Bc5 5. Nb3 Bb6 6. Qe2 Qf6 7. Nc3 Nge7 8. Be3 d6 9. 0-0-0 Be6 10. Nd5 Bxd5 11. exd5 Ne5 12. Kb1 0-0 13. h3 Nf5 14. Bxb6 axb6 15. Qd2 Rfd8 16. f4 Ng6 17. g4 Ng3 18. Rg1 Ne4 19. Qe1 Nc5 20. f5 Re8 21. Qd2 Nh4 22. Qf2 Ne4 23. Qd4 Qg5 24. Bg2 Nc5 25. Nxc5 bxc5 26. Qd3 Ra5 27. Rde1 Rea8 28. a3 b5 29. Re3 b4 30. Qd2 Qf6 31. Rge1 h6 32. Re8+ Kh7 33. Rxa8 Rxa8 34. axb4 Nxg2 35. Qxg2 cxb4 36. Qe4 Rb8 37. Qe7 Rc8 38. Qxf6 gxf6 39. Re7 Kg7 40. Kc1 Kf8 41. Re4 Rb8 42. Rc4 Rb7 43. Kd2 Ke7 44. Kd3 Kd7 45. b3 Rb5 46. Kd4 Rb6 1/2-1/2